| 000 | 00652nam a22002057a 4500 | ||
|---|---|---|---|
| 003 | BD-DhJNU | ||
| 005 | 20250121092140.0 | ||
| 008 | 250121b |||||||| |||| 00| 0 eng d | ||
| 020 | _a0070473870 | ||
| 040 |
_aBD-DhJNU _bENG _cBD-DhJNU _dBD-DhJNU |
||
| 082 |
_223 _a658.4034 |
||
| 100 | _aHillier, Frederick S. | ||
| 245 |
_aIntroduction to operations research / _cFrederick S. Hillier and Gerald J. Lieberman |
||
| 250 | _a7th ed. | ||
| 260 |
_aNew Delhi : _bTata McGraw-Hill Publishing Company Limited, _c2004. |
||
| 300 |
_axxix, 1186 p. : _bill. ; _c26 cm. |
||
| 650 | _aoperations research | ||
| 700 | _aLieberman, Gerald J | ||
| 942 |
_2ddc _cBK _n0 |
||
| 999 |
_c1136 _d1136 |
||